Game theory and business applications / (Registro nro. 65697)
[ vista simple ]
| 000 -LEADER | |
|---|---|
| fixed length control field | 00875nam a2200265 u 4500 |
| 001 - CONTROL NUMBER | |
| control field | 65697 |
| 005 - DATE AND TIME OF LATEST TRANSACTION | |
| control field | 20180714073137.0 |
| 008 - FIXED-LENGTH DATA ELEMENTS--GENERAL INFORMATION | |
| fixed length control field | 160629s2014 xxu r 000 0 eng d |
| 020 ## - INTERNATIONAL STANDARD BOOK NUMBER | |
| International Standard Book Number | 9781461470946 |
| 041 ## - LANGUAGE CODE | |
| Language code of text/sound track or separate title | eng |
| 082 0# - DEWEY DECIMAL CLASSIFICATION NUMBER | |
| Classification number | 658.40353 |
| Item number | CHA |
| 100 1# - MAIN ENTRY--PERSONAL NAME | |
| Personal name | Chatterjee, Kalyan, |
| Relator term | editor |
| 245 10 - TITLE STATEMENT | |
| Title | Game theory and business applications / |
| Statement of responsibility, etc. | Kalyan Chatterjee, William Samuelson. |
| 250 ## - EDITION STATEMENT | |
| Edition statement | Second edition |
| 264 #1 - PRODUCTION, PUBLICATION, DISTRIBUTION, MANUFACTURE, AND COPYRIGHT NOTICE | |
| Place of production, publication, distribution, manufacture | United States of America : |
| Name of producer, publisher, distributor, manufacturer | Springer, |
| Date of production, publication, distribution, manufacture, or copyright notice | 2014 |
| 300 ## - PHYSICAL DESCRIPTION | |
| Extent | vi, 409 páginas ; |
| Dimensions | 24 cm. |
| 336 ## - CONTENT TYPE | |
| Content type term | texto |
| Source | rdacontent |
| 337 ## - MEDIA TYPE | |
| Media type term | sin mediación |
| Source | rdamedia |
| 338 ## - CARRIER TYPE | |
| Carrier type term | volumen |
| Source | rdacarrier |
| 490 0# - SERIES STATEMENT | |
| Series statement | International series in operations research and management science |
| Volume/sequential designation | 194 |
| 650 #4 - SUBJECT ADDED ENTRY--TOPICAL TERM | |
| Topical term or geographic name entry element | Teoría de juego |
| 650 #4 - SUBJECT ADDED ENTRY--TOPICAL TERM | |
| Topical term or geographic name entry element | Toma de desiciones |
| 650 #4 - SUBJECT ADDED ENTRY--TOPICAL TERM | |
| Topical term or geographic name entry element | Administración |
| 700 1# - ADDED ENTRY--PERSONAL NAME | |
| Personal name | Samuelson, William, |
| Relator term | editor |
| Withdrawn status | Lost status | Source of classification or shelving scheme | Damaged status | Not for loan | Collection code | Home library | Current library | Shelving location | Date acquired | Source of acquisition | Inventory number | Total Checkouts | Full call number | Barcode | Date last seen | Price effective from | Koha item type |
|---|---|---|---|---|---|---|---|---|---|---|---|---|---|---|---|---|---|
| Dewey Decimal Classification | General | Biblioteca Karol Wojtyla | Biblioteca Karol Wojtyla | Sala general | 29/06/2016 | Compra | 151000000000000000014070 | 658.40353 CHA 2014 | 95861 | 05/01/2026 | 04/07/2016 | Libro |